[Event "79Âº Campeonato Brasileiro Absoluto de Xadrez - Fas
[Site "www.cbx.org.br"]
[Date "2013.03.01"]
[Round "6"]
[Board "4"]
[White "Menna Barreto, Felipe Kubiaki"]
[Black "Mendonca, Mateus Nakajo"]
[Result "0-1"]
[WhiteElo "2285"]
[BlackElo "2255"]
[PlyCount "198"]
[EventDate "2013.02.25"]
[EventRounds "11"]
[EventCountry "BRA"]

1. d4 d5 2. Nf3 Nf6 3. c4 c6 4. Nc3 dxc4 5. e4 b5 6. e5 Nd5 7. a4 e6 8. axb5
Nxc3 9. bxc3 cxb5 10. Ng5 Bb7 11. Qh5 g6 12. Qg4 Be7 13. h4 h5 14. Qg3 Bd5 15.
Be2 Nc6 16. Bf3 b4 17. Ne4 bxc3 18. Bg5 Nxd4 19. Nd6+ Kf8 20. Bxd5 Bxg5 21.
Qxc3 exd5 22. Qxd4 Be7 23. O-O Bxd6 24. exd6 Kg8 25. Qxd5 Kg7 26. Rfe1 Qxh4 27.
Re7 Qf6 28. Ra3 Rhd8 29. Rae3 c3 30. R3e6 Qf5 31. Qd4+ Kg8 32. d7 Rf8 33. Qxc3
Qxe6 34. Rxe6 fxe6 35. Qe5 Kf7 36. Qf4+ Ke7 37. Qg5+ Rf6 38. Qb5 Rd8 39. Qc5+
Kxd7 40. Qxa7+ Kd6 41. Qb7 Rdf8 42. Qb6+ Ke7 43. Qc7+ Ke8 44. Qd6 Kf7 45. Qe5
Rf5 46. Qd6 Kg7 47. f3 e5 48. Kf2 R8f7 49. Kg3 g5 50. Kh3 Kh7 51. Qd5 Kh6 52.
Qc6+ R5f6 53. Qd5 Re7 54. Qd8 Rff7 55. Qh8+ Kg6 56. Qg8+ Kf5 57. Qc8+ Re6 58.
Qg8 Ree7 59. Qc8+ Rd7 60. Qc2+ Kf6 61. Qc6+ Kg7 62. Qe4 Rde7 63. Qe3 Rf4 64.
Qc5 g4+ 65. fxg4 hxg4+ 66. Kh4 Re6 67. Kg3 Kg6 68. Qc8 Kf5 69. Qc2+ Kf6 70. Qh7
Rd4 71. Qg8 Red6 72. Qf8+ Ke6 73. Qe8+ Kd5 74. Qb5+ Ke4 75. Qb7+ Ke3 76. Qb2 e4
77. Kxg4 Rd2 78. Qc3+ R6d3 79. Qc5+ Rd4 80. g3 Ke2 81. Qb5+ Kf2 82. Qf5+ Ke1
83. Qa5 e3+ 84. Kf3 R4d3 85. Qa1+ Rd1 86. Qh8 e2+ 87. Kg2 Rc1 88. Qb2 Kd1 89.
Qb5 e1=Q 90. Qxd3+ Qd2+ 91. Qxd2+ Kxd2 92. Kf3 Kd3 93. Kf4 Rf1+ 94. Ke5 Rg1 95.
Kf4 Kd4 96. g4 Rf1+ 97. Kg5 Ke5 98. Kg6 Kf4 99. g5 Rg1 0-1

[Event "79Âº Campeonato Brasileiro Absoluto de Xadrez - Fas
[Site "www.cbx.org.br"]
[Date "2013.03.01"]
[Round "6"]
[Board "6"]
[White "Molina, Roberto Junio Brito"]
[Black "Carneiro, Vitor Roberto Castro"]
[Result "1/2-1/2"]
[WhiteElo "2414"]
[BlackElo "2089"]
[PlyCount "76"]
[EventDate "2013.02.25"]
[EventRounds "11"]
[EventCountry "BRA"]

1. e4 c6 2. d4 d5 3. exd5 cxd5 4. Bd3 g6 5. c3 Bg7 6. Bf4 Nc6 7. Nd2 Bf5 8.
Bxf5 gxf5 9. Ngf3 Nf6 10. Qb3 Qd7 11. Ne5 Nxe5 12. Bxe5 O-O 13. Bxf6 Bxf6 14.
O-O Kh8 15. f4 Rg8 16. Rae1 Rg4 17. Re2 Rag8 18. Rf3 e6 19. Nf1 Qc7 20. Ref2
Bh4 21. g3 Be7 22. Ne3 R4g6 23. Kf1 h5 24. Ke2 h4 25. Kd2 b5 26. Nf1 Rb8 27.
Kc1 a5 28. Kb1 a4 29. Qc2 b4 30. cxb4 Qxc2+ 31. Rxc2 Rxb4 32. Rd3 Bf6 33. Rcd2
hxg3 34. hxg3 Rh6 35. a3 Rc4 36. Ne3 Rh1+ 37. Ka2 Rcc1 38. Nd1 Kg7 1/2-1/2

[Event "79Âº Campeonato Brasileiro Absoluto de Xadrez - Fas
[Site "www.cbx.org.br"]
[Date "2013.03.02"]
[Round "7"]
[Board "2"]
[White "Mekhitarian, Krikor Sevag"]
[Black "Molina, Roberto Junio Brito"]
[Result "1-0"]
[WhiteElo "2546"]
[BlackElo "2414"]
[PlyCount "67"]
[EventDate "2013.02.25"]
[EventRounds "11"]
[EventCountry "BRA"]

1. e4 c6 2. d4 d5 3. e5 Bf5 4. Nf3 e6 5. Be2 Nd7 6. O-O Bg6 7. a4 Nh6 8. a5 a6
9. Nbd2 Be7 10. c4 dxc4 11. Nxc4 O-O 12. Bxh6 gxh6 13. Qd2 Kg7 14. Rfe1 Qc7 15.
Ne3 h5 16. Qc3 Rfc8 17. Rec1 Qd8 18. Ne1 Qf8 19. Nd3 c5 20. Nf4 cxd4 21. Qxd4
Nc5 22. Nxh5+ Kh8 23. Qg4 Nb3 24. Rxc8 Rxc8 25. Rd1 Nxa5 26. Nf6 Rd8 27. h4
Rxd1+ 28. Bxd1 Nc6 29. h5 Bb1 30. Bf3 Nb4 31. Be4 Nd3 32. Qg3 Qg7 33. Neg4 Nc1
34. Qe3 1-0

[Event "79Âº Campeonato Brasileiro Absoluto de Xadrez - Fas
[Site "www.cbx.org.br"]
[Date "2013.03.02"]
[Round "7"]
[Board "3"]
[White "Mendonca, Mateus Nakajo"]
[Black "Gotz, Klaus Seiji Furucho"]
[Result "1-0"]
[WhiteElo "2255"]
[BlackElo "2081"]
[PlyCount "115"]
[EventDate "2013.02.25"]
[EventRounds "11"]
[EventCountry "BRA"]

1. e4 c5 2. Nf3 g6 3. d4 cxd4 4. Nxd4 Bg7 5. Nc3 Nc6 6. Be3 Nf6 7. Be2 O-O 8.
Nb3 d6 9. f4 a5 10. a4 Be6 11. O-O Nd7 12. f5 Bxb3 13. cxb3 Nb4 14. g4 Rc8 15.
Rc1 Ne5 16. g5 Re8 17. Bb5 Nec6 18. Qd2 gxf5 19. Rxf5 e6 20. Rff1 Qe7 21. Qf2
Rf8 22. Kh1 Ne5 23. Qe2 Ra8 24. Rf2 f6 25. Rg1 fxg5 26. Bxg5 Rxf2 27. Bxe7 Rxe2
28. Bxe2 Kh8 29. Rd1 Nf7 30. Bh5 Ne5 31. Rxd6 Ned3 32. Rxe6 Nf4 33. Rb6 Nxh5
34. Bxb4 axb4 35. Nd5 Bxb2 36. Rxb7 Nf6 37. Nxf6 Bxf6 38. Rxb4 Kg7 39. Kg2 Kf7
40. Rb7+ Ke6 41. Rb6+ Ke5 42. Kf3 Be7 43. Rb5+ Ke6 44. a5 Bd6 45. h4 Bc7 46. b4
Kd7 47. Rd5+ Ke6 48. Rb5 Kd7 49. Ke3 Kc6 50. Rc5+ Kb7 51. Kd4 Rd8+ 52. Rd5 Rf8
53. Rh5 Rf7 54. Kc4 Rf4 55. Kd5 Rf1 56. Rxh7 Rd1+ 57. Kc5 Ra1 58. Kb5 1-0

[Event "79Âº Campeonato Brasileiro Absoluto de Xadrez - Fas
[Site "www.cbx.org.br"]
[Date "2013.03.02"]
[Round "7"]
[Board "4"]
[White "Souza Neves, Andrey M."]
[Black "Menna Barreto, Felipe Kubiaki"]
[Result "1-0"]
[WhiteElo "2159"]
[BlackElo "2285"]
[PlyCount "57"]
[EventDate "2013.02.25"]
[EventRounds "11"]
[EventCountry "BRA"]

1. b3 c5 2. Bb2 d5 3. e3 a6 4. f4 d4 5. exd4 cxd4 6. Nf3 Nc6 7. Bd3 Nf6 8. O-O
e6 9. Ne5 Bd7 10. a4 Bc5 11. Ba3 Nb4 12. Bxb4 Bxb4 13. Na3 O-O 14. Nac4 Rc8 15.
Rf3 g6 16. h4 b5 17. axb5 axb5 18. Nb2 Be8 19. Qe2 Nd7 20. h5 Nxe5 21. fxe5 Qg5
22. hxg6 hxg6 23. Rf2 Rc5 24. Re1 Kg7 25. Bxg6 fxg6 26. Nd3 Rxf2 27. Qxf2 Rxc2
28. Nxb4 Qxd2 29. Nxc2 1-0

[Event "79Âº Campeonato Brasileiro Absoluto de Xadrez - Fas
[Site "www.cbx.org.br"]
[Date "2013.03.02"]
[Round "7"]
[Board "5"]
[White "Barbosa, Evandro Amorim"]
[Black "Brito, Luismar"]
[Result "1-0"]
[WhiteElo "2422"]
[BlackElo "2292"]
[PlyCount "59"]
[EventDate "2013.02.25"]
[EventRounds "11"]
[EventCountry "BRA"]

1. e4 c5 2. Nf3 d6 3. d4 cxd4 4. Nxd4 Nf6 5. Nc3 a6 6. Be3 Nc6 7. f3 h5 8. Qd2
e6 9. O-O-O Bd7 10. Kb1 Be7 11. Bd3 Qc7 12. Rhe1 Rb8 13. h3 h4 14. Nxc6 bxc6
15. Bxa6 Rh5 16. Bc4 Ra5 17. Bf4 e5 18. Bg5 Be6 19. Bb3 Rba8 20. Bxh4 Qa7 21.
Bxf6 gxf6 22. f4 Bf8 23. f5 Rxa2 24. Nxa2 Bxb3 25. cxb3 Qxa2+ 26. Kc2 Ra5 27.
Qc3 Kd7 28. Ra1 Qxa1 29. Rxa1 Rxa1 30. Qc4 1-0

[Event "79Âº Campeonato Brasileiro Absoluto de Xadrez - Fas
[Site "www.cbx.org.br"]
[Date "2013.03.02"]
[Round "7"]
[Board "6"]
[White "Santiago, Yago De Moura"]
[Black "Olivencia, Flavio"]
[Result "1-0"]
[WhiteElo "2405"]
[BlackElo "2211"]
[PlyCount "51"]
[EventDate "2013.02.25"]
[EventRounds "11"]
[EventCountry "BRA"]

1. e4 c5 2. Nf3 d6 3. d4 cxd4 4. Nxd4 Nf6 5. Nc3 a6 6. Bg5 e6 7. f4 Nbd7 8. Qe2
Qc7 9. O-O-O Be7 10. g4 b5 11. a3 Bb7 12. Bg2 h6 13. Bxf6 Nxf6 14. g5 hxg5 15.
fxg5 Nd7 16. g6 Ne5 17. gxf7+ Kxf7 18. Kb1 Rab8 19. Nf3 Nc4 20. e5 dxe5 21. Ne4
Bxe4 22. Qxe4 b4 23. Qxc4 Qxc4 24. Nxe5+ Kg8 25. Nxc4 bxa3 26. Rd7 1-0

[Event "79Âº Campeonato Brasileiro Absoluto de Xadrez - Fas
[Site "www.cbx.org.br"]
[Date "2013.03.03"]
[Round "8"]
[Board "2"]
[White "Brito, Luismar"]
[Black "Santiago, Yago De Moura"]
[Result "0-1"]
[WhiteElo "2292"]
[BlackElo "2405"]
[PlyCount "80"]
[EventDate "2013.02.25"]
[EventRounds "11"]
[EventCountry "BRA"]

1. e4 e6 2. Nf3 d5 3. Nc3 Nf6 4. e5 Nfd7 5. d4 c5 6. dxc5 Nc6 7. Bf4 Be7 8. Bb5
Nxc5 9. O-O a6 10. Bxc6+ bxc6 11. Nd4 Qc7 12. Bg3 Nd7 13. Qh5 g6 14. Qh6 Bf8
15. Qh3 Nb6 16. b3 Bg7 17. f4 c5 18. Nf3 Bb7 19. Rfe1 h6 20. Bf2 O-O-O 21. a4
Rdg8 22. Rad1 g5 23. fxg5 hxg5 24. Qg4 Nd7 25. Bg3 d4 26. Ne4 Nxe5 27. Bxe5
Bxe5 28. Nxe5 f5 29. Nd6+ Qxd6 30. Qg3 f4 31. Qf2 Qc7 32. b4 g4 33. Qxf4 g3 34.
h3 Rf8 35. Qg4 Rf2 36. Nf3 Bd5 37. bxc5 Rf8 38. Rxe6 Rxg2+ 39. Kh1 Rh2+ 40. Kg1
Rh1+ 0-1

[Event "79Âº Campeonato Brasileiro Absoluto de Xadrez - Fas
[Site "www.cbx.org.br"]
[Date "2013.03.03"]
[Round "8"]
[Board "3"]
[White "Menna Barreto, Felipe Kubiaki"]
[Black "Barbosa, Evandro Amorim"]
[Result "0-1"]
[WhiteElo "2285"]
[BlackElo "2422"]
[PlyCount "48"]
[EventDate "2013.02.25"]
[EventRounds "11"]
[EventCountry "BRA"]

1. c4 c5 2. Nf3 Nc6 3. b3 e5 4. Nc3 Nf6 5. g3 d5 6. cxd5 Nxd5 7. Nxd5 Qxd5 8.
Bg2 e4 9. Ng1 Bf5 10. Bb2 O-O-O 11. Nh3 Kb8 12. Nf4 Qd7 13. d3 c4 14. bxc4 Bb4+
15. Kf1 exd3 16. exd3 Rhe8 17. Qb3 g5 18. Nd5 Bh3 19. Rb1 Qf5 20. Nxb4 Nxb4 21.
Be5+ Rxe5 22. Qxb4 Qxd3+ 23. Kg1 Bxg2 24. Kxg2 Qe4+ 0-1

[Event "79Âº Campeonato Brasileiro Absoluto de Xadrez - Fas
[Site "www.cbx.org.br"]
[Date "2013.03.03"]
[Round "8"]
[Board "4"]
[White "Gotz, Klaus Seiji Furucho"]
[Black "Souza Neves, Andrey M."]
[Result "1-0"]
[WhiteElo "2081"]
[BlackElo "2159"]
[PlyCount "147"]
[EventDate "2013.02.25"]
[EventRounds "11"]
[EventCountry "BRA"]

1. d4 b6 2. e4 Bb7 3. Bd3 e6 4. Nf3 g6 5. Bg5 Qc8 6. c4 Bg7 7. Nc3 h6 8. Bf4
Qd8 9. h4 Ne7 10. e5 d5 11. exd6 cxd6 12. Nb5 Nc8 13. Qe2 a6 14. Nc3 O-O 15.
Qe3 Bxf3 16. Qxf3 Ra7 17. O-O-O b5 18. c5 Nd7 19. cxd6 e5 20. dxe5 Nxe5 21. Qg3
Nc4 22. Bxc4 bxc4 23. Be5 Bxe5 24. Qxe5 Re8 25. Qf4 h5 26. Rd2 Rd7 27. Rhd1 Re6
28. Ne4 c3 29. Nxc3 Nxd6 30. f3 Rf6 31. Qg5 Kg7 32. Kb1 Qb8 33. Qe5 Rc7 34. Qd4
Rc4 35. Qd3 Re6 36. Rc1 Rxh4 37. Nd5 Ne8 38. Qc3+ Qe5 39. Qxe5+ Rxe5 40. Rc8
Rh1+ 41. Kc2 Ree1 42. Ra8 Rc1+ 43. Kb3 Rhd1 44. Rxd1 Rxd1 45. Nc3 Nc7 46. Nxd1
Nxa8 47. Kb4 Nc7 48. Kc5 Kf6 49. a4 Ke5 50. Kb6 Nd5+ 51. Kxa6 Kf4 52. Kb7 Kg3
53. a5 Nb4 54. Ne3 h4 55. a6 Nxa6 56. Kxa6 Kf2 57. b4 Kxe3 58. b5 Kf2 59. b6
Kxg2 60. b7 h3 61. b8=Q h2 62. Qb2+ Kh3 63. Qc1 Kg2 64. Qd2+ Kh3 65. Qe1 Kg2
66. Qe2+ Kg1 67. Qe3+ Kg2 68. Qg5+ Kxf3 69. Qh5+ Kg2 70. Qg4+ Kf1 71. Qh3+ Kg1
72. Qg3+ Kh1 73. Qf2 f5 74. Qf1# 1-0

[Event "79Âº Campeonato Brasileiro Absoluto de Xadrez - Fas
[Site "www.cbx.org.br"]
[Date "2013.03.03"]
[Round "8"]
[Board "5"]
[White "Molina, Roberto Junio Brito"]
[Black "Mendonca, Mateus Nakajo"]
[Result "1-0"]
[WhiteElo "2414"]
[BlackElo "2255"]
[PlyCount "105"]
[EventDate "2013.02.25"]
[EventRounds "11"]
[EventCountry "BRA"]

1. d4 d5 2. c4 c6 3. Nf3 Nf6 4. Nc3 dxc4 5. a4 Bf5 6. Ne5 Nbd7 7. Nxc4 Qc7 8.
g3 e5 9. dxe5 Nxe5 10. Bf4 Nfd7 11. Bg2 g5 12. Bxe5 Nxe5 13. Qd4 f6 14. O-O-O
Be7 15. Ne3 Be6 16. Qe4 Bb3 17. Rd2 O-O 18. h4 Bc5 19. hxg5 fxg5 20. Rh5 Rae8
21. Rxg5+ Kh8 22. Rf5 Nf7 23. Qf4 Qxf4 24. gxf4 Bxe3 25. fxe3 Rg8 26. Bf3 Rg1+
27. Nd1 Rxe3 28. Rd7 Re7 29. Rd3 Bxa4 30. b3 Bb5 31. Rd2 b6 32. Kb2 c5 33. Nc3
Bd7 34. Rh5 Bg4 35. Bxg4 Rxg4 36. Nd5 Rd7 37. Kc2 Kg7 38. e4 Nd8 39. Rdh2 h6
40. Rxh6 Rg2+ 41. Rxg2+ Kxh6 42. f5 Rd6 43. Nc7 Nc6 44. Ne6 Nd4+ 45. Nxd4 Rxd4
46. e5 Rd5 47. Rg6+ Kh5 48. Re6 Rd7 49. Rd6 Rf7 50. e6 Rxf5 51. e7 Re5 52. Rd5
Rxd5 53. e8=Q+ 1-0

[Event "79Âº Campeonato Brasileiro Absoluto de Xadrez - Fas
[Site "www.cbx.org.br"]
[Date "2013.03.04"]
[Round "9"]
[Board "2"]
[White "Mendonca, Mateus Nakajo"]
[Black "Carneiro, Vitor Roberto Castro"]
[Result "1-0"]
[WhiteElo "2255"]
[BlackElo "2089"]
[PlyCount "75"]
[EventDate "2013.02.25"]
[EventRounds "11"]
[EventCountry "BRA"]

1. e4 g6 2. d4 Bg7 3. Nc3 c6 4. f4 d5 5. e5 Nh6 6. Nf3 O-O 7. Bd3 Bg4 8. h3
Bxf3 9. Qxf3 f6 10. exf6 Bxf6 11. Ne2 e5 12. dxe5 Bxe5 13. c3 Bg7 14. Bd2 Nd7
15. O-O-O Ne5 16. Qe3 d4 17. cxd4 Nxd3+ 18. Qxd3 Qd5 19. Kb1 Qxg2 20. h4 Rfe8
21. Ng3 Ng4 22. Rhg1 Qd5 23. Nh1 Nh6 24. Bc3 Re4 25. h5 Rae8 26. hxg6 hxg6 27.
Rxg6 Qf5 28. Rxg7+ Kxg7 29. Ng3 Qd5 30. Nxe4 Qxe4 31. d5+ Kf7 32. Qxe4 Rxe4 33.
dxc6 bxc6 34. Be5 Ng4 35. Bb8 Nf6 36. Rc1 Nd5 37. a3 Nxf4 38. Rf1 1-0

[Event "79Âº Campeonato Brasileiro Absoluto de Xadrez - Fas
[Site "www.cbx.org.br"]
[Date "2013.03.04"]
[Round "9"]
[Board "3"]
[White "Souza Neves, Andrey M."]
[Black "Molina, Roberto Junio Brito"]
[Result "0-1"]
[WhiteElo "2159"]
[BlackElo "2414"]
[PlyCount "98"]
[EventDate "2013.02.25"]
[EventRounds "11"]
[EventCountry "BRA"]

1. b3 d5 2. Bb2 Bg4 3. Nf3 Nd7 4. d4 e6 5. e3 Ngf6 6. Be2 Bb4+ 7. Nfd2 Bf5 8.
O-O O-O 9. c4 dxc4 10. Nxc4 Be7 11. Nc3 c6 12. f3 b5 13. g4 Bg6 14. Nd2 e5 15.
f4 exd4 16. exd4 h5 17. f5 Bh7 18. h3 Qb6 19. Nce4 Nxe4 20. Nxe4 Nf6 21. Nc5
hxg4 22. hxg4 Rad8 23. b4 Nd5 24. Qd2 Rfe8 25. Bf3 Qc7 26. Bxd5 Rxd5 27. Rae1
Red8 28. Qe3 Bf8 29. a3 g6 30. Ne4 Bg7 31. f6 Bf8 32. g5 Re8 33. Qh3 Qd8 34.
Rf4 Rxe4 35. Rfxe4 Rxg5+ 36. Rg4 Qxf6 37. Rxg5 Qxg5+ 38. Qg2 Qh4 39. Re8 g5 40.
d5 cxd5 41. Bf6 Bg6 42. Bxg5 Qd4+ 43. Be3 Qd1+ 44. Kf2 Qc2+ 45. Kg1 Qc6 46. Rd8
Qe6 47. Bc5 Qe1+ 48. Kh2 Qh4+ 49. Qh3 Qxd8 0-1

[Event "79Âº Campeonato Brasileiro Absoluto de Xadrez - Fas
[Site "www.cbx.org.br"]
[Date "2013.03.04"]
[Round "9"]
[Board "6"]
[White "Olivencia, Flavio"]
[Black "Brito, Luismar"]
[Result "0-1"]
[WhiteElo "2211"]
[BlackElo "2292"]
[PlyCount "65"]
[EventDate "2013.02.25"]
[EventRounds "11"]
[EventCountry "BRA"]

1. e4 c5 2. Nf3 d6 3. d4 cxd4 4. Qxd4 a6 5. Be3 Nf6 6. Nc3 Nc6 7. Qd2 e6 8.
O-O-O Qc7 9. Bf4 e5 10. Bg5 Be6 11. Bxf6 gxf6 12. Nd5 Bxd5 13. Qxd5 Rc8 14. Bd3
Qb6 15. Rhf1 Na5 16. Be2 h5 17. Kb1 h4 18. Nd2 Rc5 19. Qd3 Ke7 20. Nb3 Nxb3 21.
axb3 Bh6 22. c4 a5 23. Bg4 Rc6 24. g3 a4 25. Kc2 Qb4 26. Be2 Rhc8 27. bxa4
Qxa4+ 28. Kb1 Rb6 29. Qc2 Qa5 30. b3 Ra8 31. Qb2 Rxb3 32. Qxb3 Qa1+ 33. Kc2 0-1

[Event "79Âº Campeonato Brasileiro Absoluto de Xadrez - Fas
[Site "www.cbx.org.br"]
[Date "2013.03.05"]
[Round "10"]
[Board "1"]
[White "Macedo, Maximo Iack"]
[Black "Brito, Luismar"]
[Result "1-0"]
[WhiteElo "2408"]
[BlackElo "2292"]
[PlyCount "83"]
[EventDate "2013.02.25"]
[EventRounds "11"]
[EventCountry "BRA"]

1. d4 Nf6 2. c4 c5 3. d5 e6 4. Nc3 exd5 5. cxd5 Bd6 6. Nf3 O-O 7. g3 Bc7 8. Bg2
d6 9. O-O Re8 10. h3 Nbd7 11. Nd2 a6 12. a4 Rb8 13. f4 b5 14. axb5 axb5 15. e4
c4 16. b4 Nf8 17. Bb2 Bd7 18. Kh2 Bb6 19. Qc2 Ng6 20. Rae1 Re7 21. Nf3 Qc7 22.
e5 Ne8 23. e6 fxe6 24. dxe6 Bc6 25. f5 Nf8 26. Qd2 Nf6 27. Rd1 Rd8 28. Nd4 Bxd4
29. Qxd4 Bxg2 30. Kxg2 h6 31. g4 N8h7 32. h4 Qb7+ 33. Kh3 Kf8 34. Rd2 Rc7 35.
Rg2 Ke8 36. g5 hxg5 37. hxg5 Ng8 38. Nd5 Rc5 39. bxc5 dxc5 40. Qh4 Nxg5+ 41.
Qxg5 Rxd5 42. Qxg7 1-0

[Event "79Âº Campeonato Brasileiro Absoluto de Xadrez - Fas
[Site "www.cbx.org.br"]
[Date "2013.03.05"]
[Round "10"]
[Board "2"]
[White "Menna Barreto, Felipe Kubiaki"]
[Black "Olivencia, Flavio"]
[Result "1/2-1/2"]
[WhiteElo "2285"]
[BlackElo "2211"]
[PlyCount "24"]
[EventDate "2013.02.25"]
[EventRounds "11"]
[EventCountry "BRA"]

1. e4 e5 2. Nf3 Nc6 3. Bb5 a6 4. Ba4 b5 5. Bb3 Nf6 6. O-O Be7 7. Re1 O-O 8. h3
d6 9. c3 Na5 10. Bc2 c5 11. d4 Qc7 12. d5 Bd7 1/2-1/2

[Event "79Âº Campeonato Brasileiro Absoluto de Xadrez - Fas
[Site "www.cbx.org.br"]
[Date "2013.03.05"]
[Round "10"]
[Board "4"]
[White "Molina, Roberto Junio Brito"]
[Black "Barbosa, Evandro Amorim"]
[Result "1/2-1/2"]
[WhiteElo "2414"]
[BlackElo "2422"]
[PlyCount "72"]
[EventDate "2013.02.25"]
[EventRounds "11"]
[EventCountry "BRA"]

1. d4 Nf6 2. c4 g6 3. Nc3 d5 4. Nf3 Bg7 5. Qb3 dxc4 6. Qxc4 O-O 7. e4 c6 8. Be2
b5 9. Qb3 Qa5 10. e5 Be6 11. Qc2 b4 12. exf6 bxc3 13. bxc3 Bxf6 14. O-O Nd7 15.
Bf4 c5 16. Rfb1 Bf5 17. Bd3 Bxd3 18. Qxd3 cxd4 19. cxd4 Rac8 20. a4 Rfd8 21.
Qb5 Qb6 22. h3 Qc6 23. Rc1 Qxb5 24. axb5 Rxc1+ 25. Bxc1 e5 26. Bb2 exd4 27.
Rxa7 d3 28. Bxf6 Nxf6 29. b6 Kg7 30. Nd2 Nd7 31. b7 Nc5 32. f3 Rb8 33. Ra5 Ne6
34. Rb5 Nd8 35. Rd5 Ne6 36. Rxd3 Rxb7 1/2-1/2

[Event "79Âº Campeonato Brasileiro Absoluto de Xadrez - Fas
[Site "www.cbx.org.br"]
[Date "2013.03.05"]
[Round "10"]
[Board "5"]
[White "Carneiro, Vitor Roberto Castro"]
[Black "Souza Neves, Andrey M."]
[Result "1-0"]
[WhiteElo "2089"]
[BlackElo "2159"]
[PlyCount "51"]
[EventDate "2013.02.25"]
[EventRounds "11"]
[EventCountry "BRA"]

1. c4 b6 2. Nc3 Bb7 3. Nf3 e6 4. g3 f5 5. Bg2 Nf6 6. O-O Bb4 7. Qc2 O-O 8. a3
Bxc3 9. Qxc3 d6 10. b4 e5 11. d4 e4 12. Ng5 Qe8 13. d5 Bc8 14. Bb2 h6 15. Nh3
Nbd7 16. f3 Ne5 17. Nf2 Qh5 18. f4 Ned7 19. g4 fxg4 20. Nxe4 Rf7 21. Ng3 Qg6
22. e4 Re7 23. Rae1 Bb7 24. e5 dxe5 25. fxe5 Ne8 26. Be4 1-0

[Event "79Âº Campeonato Brasileiro Absoluto de Xadrez - Fas
[Site "www.cbx.org.br"]
[Date "2013.03.06"]
[Round "11"]
[Board "1"]
[White "Mendonca, Mateus Nakajo"]
[Black "Macedo, Maximo Iack"]
[Result "1/2-1/2"]
[WhiteElo "2255"]
[BlackElo "2408"]
[PlyCount "103"]
[EventDate "2013.02.25"]
[EventRounds "11"]
[EventCountry "BRA"]

1. e4 e6 2. d4 d5 3. e5 c5 4. c3 Qb6 5. Nf3 Bd7 6. a3 Bb5 7. Bxb5+ Qxb5 8. dxc5
Bxc5 9. b4 Bb6 10. a4 Qc4 11. Qe2 Qxe2+ 12. Kxe2 Ne7 13. Be3 Nd7 14. Bd4 Ng6
15. Kd2 f6 16. exf6 gxf6 17. a5 Bc7 18. a6 b6 19. Na3 Nde5 20. Bxe5 fxe5 21.
Nb5 Kd7 22. Ne1 Kc6 23. Nxc7 Kxc7 24. f3 Kd6 25. g3 Rhf8 26. Rc1 Rac8 27. Ke2
Rc4 28. Nd3 e4 29. fxe4 Rxe4+ 30. Kd2 Ne5 31. Nxe5 Rf2+ 32. Kd3 Kxe5 33. Rc2
Rf3+ 34. Kd2 d4 35. cxd4+ Kxd4 36. Kc1 Ra3 37. Rd1+ Ke5 38. Rd7 Rxa6 39. Rxh7
Rxb4 40. Rh5+ Kf6 41. Rh6+ Ke7 42. Rh7+ Kd6 43. Rd2+ Kc5 44. Rc2+ Kd5 45. Rd2+
Kc5 46. Rc2+ Kd6 47. Rd2+ Ke5 48. Re2+ Kf5 49. Rh5+ Kg6 50. Rhe5 Ra1+ 51. Kc2
Ra2+ 52. Kc3 1/2-1/2

[Event "79Âº Campeonato Brasileiro Absoluto de Xadrez - Fas
[Site "www.cbx.org.br"]
[Date "2013.03.06"]
[Round "11"]
[Board "4"]
[White "Santiago, Yago De Moura"]
[Black "Molina, Roberto Junio Brito"]
[Result "0-1"]
[WhiteElo "2405"]
[BlackElo "2414"]
[PlyCount "72"]
[EventDate "2013.02.25"]
[EventRounds "11"]
[EventCountry "BRA"]

1. e4 c6 2. d4 d5 3. Nc3 dxe4 4. Nxe4 Nd7 5. Ng5 Ngf6 6. Bd3 e6 7. N1f3 Bd6 8.
Qe2 h6 9. Ne4 Nxe4 10. Qxe4 Qc7 11. Qg4 Kf8 12. O-O b6 13. b3 Nf6 14. Qh4 Nd5
15. Bb2 Nf4 16. Rad1 g5 17. Nxg5 Be7 18. Ba3 c5 19. dxc5 bxc5 20. Bc1 Bxg5 21.
Qg3 Nd5 22. Qxc7 Nxc7 23. Bb2 Rg8 24. Be5 Nd5 25. c4 Bf6 26. Bd6+ Be7 27. Be5
Nf6 28. Be2 Bb7 29. f3 Bc6 30. Rd3 Nd7 31. Bb2 Bf6 32. Ba3 Kg7 33. f4 Bd4+ 34.
Kh1 Kh7 35. Bf3 Bxf3 36. Rfxf3 e5 0-1

[Event "79Âº Campeonato Brasileiro Absoluto de Xadrez - Fas
[Site "www.cbx.org.br"]
[Date "2013.03.06"]
[Round "11"]
[Board "5"]
[White "Olivencia, Flavio"]
[Black "Gotz, Klaus Seiji Furucho"]
[Result "0-1"]
[WhiteElo "2211"]
[BlackElo "2081"]
[PlyCount "140"]
[EventDate "2013.02.25"]
[EventRounds "11"]
[EventCountry "BRA"]

1. e4 c5 2. Nf3 g6 3. c3 Bg7 4. d4 cxd4 5. cxd4 d5 6. exd5 Nf6 7. Bc4 O-O 8.
O-O Nxd5 9. Nc3 Nb6 10. Be2 Nc6 11. Be3 Be6 12. Qd2 Nc4 13. Bxc4 Bxc4 14. Rfe1
Bd5 15. Ne5 e6 16. Bg5 f6 17. Nxc6 Bxc6 18. Bf4 Qd7 19. Rad1 Rad8 20. Bh6 Rfe8
21. Bxg7 Kxg7 22. Qf4 a5 23. h4 h5 24. Qe3 b5 25. a3 b4 26. axb4 axb4 27. Ne2
e5 28. Qg3 exd4 29. Nf4 Qf5 30. Rxe8 Bxe8 31. Nd3 Qa5 32. Rc1 Bf7 33. Rc7 b3
34. Nc5 Qe1+ 35. Kh2 Re8 36. Qxb3 Re7 37. Rxe7 Qxe7 38. Qb4 Qd6+ 39. g3 d3 40.
Nxd3 Qxd3 41. Qf4 Qb3 42. Qd4 Qf3 43. Qa7 Qe4 44. Qd7 Qb4 45. Qa7 Qxb2 46. Kg2
Qa2 47. Qc7 Qc4 48. Qe7 Qe6 49. Qc7 Qe4+ 50. Kg1 g5 51. hxg5 fxg5 52. Qc3+ Kg6
53. Qc5 Bd5 54. Qd6+ Qe6 55. Qb4 Kg7 56. Qa5 h4 57. Qc7+ Kg6 58. Kh2 h3 59.
Qc2+ Be4 60. Qc7 Qf6 61. Qc5 g4 62. Qe3 Qf3 63. Qxf3 Bxf3 64. Kg1 Kf5 65. Kh2
Ke4 66. Kg1 Kd3 67. Kh2 Ke2 68. Kg1 Be4 69. Kh2 Bg6 70. Kg1 Bf5 0-1

[Event "79Âº Campeonato Brasileiro Absoluto de Xadrez - Fas
[Site "www.cbx.org.br"]
[Date "2013.03.06"]
[Round "11"]
[Board "6"]
[White "Brito, Luismar"]
[Black "Menna Barreto, Felipe Kubiaki"]
[Result "1/2-1/2"]
[WhiteElo "2292"]
[BlackElo "2285"]
[PlyCount "77"]
[EventDate "2013.02.25"]
[EventRounds "11"]
[EventCountry "BRA"]

1. e4 e5 2. Nf3 Nc6 3. Bb5 a6 4. Ba4 Nf6 5. O-O Be7 6. Re1 b5 7. Bb3 O-O 8. d4
d6 9. c3 Bg4 10. Be3 exd4 11. cxd4 Na5 12. Bc2 Nc4 13. Bc1 c5 14. b3 Na5 15.
Bb2 Nc6 16. d5 Nb4 17. Nbd2 Nxc2 18. Qxc2 Nd7 19. e5 dxe5 20. Nxe5 Nxe5 21.
Bxe5 Re8 22. Qd3 Bf8 23. a4 Qg5 24. h4 Qf5 25. Qg3 f6 26. Bf4 Bh5 27. d6 Rxe1+
28. Rxe1 Re8 29. Rxe8 Bxe8 30. Qe3 Bc6 31. axb5 axb5 32. f3 Kf7 33. Kf2 Qc2 34.
g4 h5 35. Kg3 hxg4 36. fxg4 c4 37. bxc4 bxc4 38. Qd4 Qd3+ 39. Qxd3 1/2-1/2